000 01126nam a2200289 c 4500
003 BLK
005 20240612131218.0
008 180413b bul|||||r ||||||| ||bul||
010 _aKNG00021351000
020 _a954-625-115-1
_bиздат.: Фют
040 _aBLK
041 _aBUL
_cBUL
080 _aБългарска литература
_b821.163.2
_x-93-1
_z821.163.2-93-1
139 _aЕжко Бежко Бодлидрешко
_bЕ 35
245 1 0 _aЕжко Бежко Бодлидрешко
_bСтихотворения и залъгалки за най-малките
250 _a[2. изд.]
260 София
_bФют
_c1998
300 _a[24] с.
_bс цв. ил.
_c22Х24 см
380 _aDX
500 _aДеп. списък: 12 1. изд. 1995 ; 8 000 тир Място на печат: София Име на печатница: Д. Благоев-2
852 _aЦб 196259
856 4 _qpdf
_u
856 4 _qpdf
_u
942 _cKNG
_n0
_08
944 _aCR
_c15.01.2003
_k30551
_lБояна Костадинова
944 _aED
_c14.07.2017
_kПенка_Димитрова
999 _c19244
_d19244